000 00516nam a2200193Ia 4500
005 20250326144940.0
008 250326s9999 xx 000 0 und d
020 _a0-631-14918-X
037 _aTextbook
040 _aFMSL
_beng
_cFMSL
041 _aeng
_2eng
084 _aX:8D M7
_qFMSL
100 _aBucha J M
_9740515
245 0 _aDeficits
_cBucha J M; Rowley C K And Others
260 _aNY
_bNY, Basil Blackwell
_c1987
300 _ax,417
942 _cTB
_hX:8D M7
999 _c1305759
_d1305759